| 000 | 00775nam a22002057a 4500 | ||
|---|---|---|---|
| 999 |
_c19359 _d19359 |
||
| 003 | AR-CdUCM | ||
| 008 | 190517b ||||| |||| 00| 0 spa d | ||
| 040 |
_aMUNICIPALIDAD PROVINCIAL DEL CUSCO _cBIBLIOTECA MUNICIPAL DEL CUSCO |
||
| 082 |
_a572.9 / _bD56 |
||
| 100 |
_aDemangeon, Albert _940652 |
||
| 245 | _aProblemas de Geografia Humana / | ||
| 260 |
_aBarcelona : _bEdiciones Omega, _c1956. |
||
| 300 |
_a231 paginas ; _c21 cm. |
||
| 505 | _aContenido: Una definición de la geografia humana -- El problema de la superpoblación -- Problemas economicos -- El habitat rural -- Economia agrícola y poblamiento rural... | ||
| 650 |
_aGeografia _9318 |
||
| 650 |
_aHumana _919436 |
||
| 700 |
_aTeran, Rocio de _940653 |
||
| 942 |
_2ddc _cLIBROS |
||
| 945 |
_apjha _d2019-05-17 |
||